Optimierung der N-Düngung unter Beachtung ökologisch-ökonomischer Ziele. <Eine> Anwendung von CREAMS und ACOMPLEX.

Eliminácia negatívnych ekologických efektov v poľnohospodárstve pomocou simulačných modelov. Simulačný model pre vypracovanie optimálnej stratégie hnojenia dusičnanmi - CREAMS. Optimalizačná metóda - ACOMPLEX - numerický algoritmus. Minimálne ošetrenie pôdy v súvislosti s využitím medziplodín po obi...

Descripción completa

Guardado en:
Detalles Bibliográficos
Autor principal: Fuchs, C.
Otros Autores: Murschel-Raasch, B.
Formato: Capítulo de libro
Lenguaje:alemán
Materias:
Etiquetas: Agregar Etiqueta
Sin Etiquetas, Sea el primero en etiquetar este registro!

MARC

LEADER 00000naa a2200000 4500
001 r009248
005 20221130112500.4
041 0 |a ger 
044 |a DE 
245 1 0 |a Optimierung der N-Düngung unter Beachtung ökologisch-ökonomischer Ziele.  |b <Eine> Anwendung von CREAMS und ACOMPLEX.  |c C. Fuchs, B. Murschel-Raasch 
520 |a Eliminácia negatívnych ekologických efektov v poľnohospodárstve pomocou simulačných modelov. Simulačný model pre vypracovanie optimálnej stratégie hnojenia dusičnanmi - CREAMS. Optimalizačná metóda - ACOMPLEX - numerický algoritmus. Minimálne ošetrenie pôdy v súvislosti s využitím medziplodín po obilninách môže eliminovať eróziu a zabrániť vymývaniu dusičnanov. 
610 2 0 |a hnojenie 
610 2 0 |a hnojivá 
610 2 0 |a modely simulačné 
610 2 0 |a ekológia 
610 2 0 |a poľnohospodárstvo 
100 1 |a Fuchs, C. 
700 1 |a Murschel-Raasch, B.